<?xml version="1.0" encoding="UTF-8"?>
<record
    xmlns:xsi="http://www.w3.org/2001/XMLSchema-instance"
    xsi:schemaLocation="http://www.loc.gov/MARC21/slim http://www.loc.gov/standards/marcxml/schema/MARC21slim.xsd"
    xmlns="http://www.loc.gov/MARC21/slim">

  <leader>01207 am a2200253 a 4500</leader>
  <controlfield tag="005">20240627110738.0</controlfield>
  <controlfield tag="008">100923s1992||||xx #   f |||| 001 0 spa d</controlfield>
  <datafield tag="020" ind1=" " ind2=" ">
    <subfield code="a">9275320705</subfield>
  </datafield>
  <datafield tag="041" ind1=" " ind2=" ">
    <subfield code="a">spa</subfield>
  </datafield>
  <datafield tag="092" ind1=" " ind2=" ">
    <subfield code="c">362.1</subfield>
    <subfield code="l">65</subfield>
    <subfield code="s">PAG</subfield>
  </datafield>
  <datafield tag="100" ind1="1" ind2=" ">
    <subfield code="a">Paganini, Jos&#xE9; Mar&#xED;a</subfield>
    <subfield code="e">Ed.</subfield>
    <subfield code="9">1505</subfield>
  </datafield>
  <datafield tag="245" ind1=" " ind2=" ">
    <subfield code="a">Desarrollo y fortalecimiento de los Sistemas Locales de Salud.</subfield>
    <subfield code="b">La Garant&#xED;a de Calidad. Acreditaci&#xF3;n de Hospitales para Am&#xE9;rica Latina y El Caribe / </subfield>
    <subfield code="c">Jos&#xE9; Mar&#xED;a Paganini</subfield>
  </datafield>
  <datafield tag="250" ind1=" " ind2=" ">
    <subfield code="a">1a ed.</subfield>
  </datafield>
  <datafield tag="260" ind1=" " ind2=" ">
    <subfield code="a">Washington: </subfield>
    <subfield code="b">OPS/OMS ; Federaci&#xF3;n Latinoamericana de Hospitales;</subfield>
    <subfield code="c">1992.</subfield>
  </datafield>
  <datafield tag="300" ind1=" " ind2=" ">
    <subfield code="a">190 p.</subfield>
  </datafield>
  <datafield tag="500" ind1=" " ind2=" ">
    <subfield code="a">Paganini, J. M. y de Moraes Novaes, H. (Eds.). (1992). Desarrollo y fortalecimiento de los Sistemas Locales de Salud. La Garant&#xED;a de Calidad. Acreditaci&#xF3;n de Hospitales para Am&#xE9;rica Latina y El Caribe. (1a ed.). Washington : OPS/OMS ; Federaci&#xF3;n Latinoamericana de Hospitales.</subfield>
  </datafield>
  <datafield tag="590" ind1=" " ind2=" ">
    <subfield code="a">HSD/SILOS N&#xBA; 13.</subfield>
  </datafield>
  <datafield tag="653" ind1=" " ind2=" ">
    <subfield code="a">Contexto hospitalario de la atenci&#xF3;n de la salud en Latinoamerica y el Caribe</subfield>
  </datafield>
  <datafield tag="653" ind1=" " ind2=" ">
    <subfield code="a">Est&#xE1;ndares m&#xED;nimos obligatorios</subfield>
  </datafield>
  <datafield tag="653" ind1=" " ind2=" ">
    <subfield code="a">Est&#xE1;ndares no obligatorios</subfield>
  </datafield>
  <datafield tag="700" ind1="1" ind2=" ">
    <subfield code="a">de Moraes Novaes, Humberto</subfield>
    <subfield code="e">Ed.</subfield>
    <subfield code="9">1506</subfield>
  </datafield>
  <datafield tag="930" ind1=" " ind2=" ">
    <subfield code="a">216</subfield>
  </datafield>
  <datafield tag="942" ind1=" " ind2=" ">
    <subfield code="2">ddc</subfield>
    <subfield code="c">BK</subfield>
  </datafield>
  <datafield tag="999" ind1=" " ind2=" ">
    <subfield code="c">757</subfield>
    <subfield code="d">757</subfield>
  </datafield>
  <datafield tag="952" ind1=" " ind2=" ">
    <subfield code="0">0</subfield>
    <subfield code="1">0</subfield>
    <subfield code="2">ddc</subfield>
    <subfield code="4">0</subfield>
    <subfield code="7">0</subfield>
    <subfield code="a">BFM</subfield>
    <subfield code="b">BFM</subfield>
    <subfield code="c">CR</subfield>
    <subfield code="d">2011-05-13</subfield>
    <subfield code="l">1</subfield>
    <subfield code="o">362.1 65 PAG</subfield>
    <subfield code="p">216</subfield>
    <subfield code="r">2014-11-06</subfield>
    <subfield code="s">2011-09-22</subfield>
    <subfield code="t">ej.1</subfield>
    <subfield code="w">2011-05-13</subfield>
    <subfield code="y">BK</subfield>
  </datafield>
</record>
